Job knowledge tesztek alkalmazása az előzetesen megszerzett tudás mérésére és elismerésére

In the discipline of knowledge management validation means the accreditation of prior and experiential learning (APEL). This process enables people of all ages, backgrounds and attitudes to receive formal recognition for skills and knowledge they already possess. Nowadays there are various ways of p...

Teljes leírás

Elmentve itt :
Bibliográfiai részletek
Szerző: Keszler Ádám
Dokumentumtípus: Cikk
Megjelent: Egyesület Közép-Európa Kutatására Szeged 2017
Sorozat:Taylor : gazdálkodás- és szervezéstudományi folyóirat 9 No. 1
Kulcsszavak:Tudásszintmérés, Job knowledge teszt
Tárgyszavak:
Online Access:http://acta.bibl.u-szeged.hu/48111
LEADER 01694nab a2200229 i 4500
001 acta48111
005 20260107130603.0
008 170615s2017 hu o 000 hun d
022 |a 2064-4361 
040 |a SZTE Egyetemi Kiadványok Repozitórium  |b hun 
041 |a hun 
041 |a eng 
100 1 |a Keszler Ádám 
245 1 0 |a Job knowledge tesztek alkalmazása az előzetesen megszerzett tudás mérésére és elismerésére  |h [elektronikus dokumentum] /  |c  Keszler Ádám 
260 |a Egyesület Közép-Európa Kutatására  |b Szeged  |c 2017 
300 |a 176-182 
490 0 |a Taylor : gazdálkodás- és szervezéstudományi folyóirat  |v 9 No. 1 
520 3 |a In the discipline of knowledge management validation means the accreditation of prior and experiential learning (APEL). This process enables people of all ages, backgrounds and attitudes to receive formal recognition for skills and knowledge they already possess. Nowadays there are various ways of prior learning assessment, one of them is the job knowledge test. In the first part of this study I introduce the background of the different ways of adult learning, the aim of the validation and the importance of the accreditation of prior learning. In the second part of the study I introduce the term of job knowledge as a part of knowledge management and a typical test development process. The study aims to show that job knowledge tests can be a reliable in the process of APEL and in the personnel selection process. 
650 4 |a Társadalomtudományok 
650 4 |a Oktatástudomány 
695 |a Tudásszintmérés, Job knowledge teszt 
856 4 0 |u http://acta.bibl.u-szeged.hu/48111/1/vikek_027_176-182.pdf  |z Dokumentum-elérés